00400nam a2200157Ia 45000010006000000050017000060080041000230410008000640820015000721000024000872450073001112600009001843000033001936500008002266540008002342351820260414150942.0260414t1994||||xx |||||||||||||| ||spa|| aESP a660.2bH75 aHopp, VollratheAUT 0aFundamentos de tecnología química para formación profesionalb c1994 axvi, 512 páginas :c21 cm. aTCA aCII